Organisations in the communications age

保存先:
書誌詳細
第一著者: More, E. A.
フォーマット: 図書
言語:Undetermined
出版事項: Sydney Peramon Press 1985
主題:
タグ: タグ追加
タグなし, このレコードへの初めてのタグを付けませんか!
Thư viện lưu trữ: Trung tâm Học liệu Trường Đại học Cần Thơ
LEADER 00534nam a2200181Ia 4500
001 CTU_95455
008 210402s9999 xx 000 0 und d
082 |a 651.7 
082 |b M833 
100 |a More, E. A. 
245 0 |a Organisations in the communications age 
245 0 |c E. A. More, R. K. Laird 
260 |a Sydney 
260 |b Peramon Press 
260 |c 1985 
650 |a Communication in organisations,Telecommunication,Data base management 
904 |i M.Loan 
980 |a Trung tâm Học liệu Trường Đại học Cần Thơ